1564 1966 1517 1942 1051 1299 1085 1514 1220 1899 1982 1384 1269 1218 1662 1430 1315 1678 1617 1621 1523 1611 1402 1346 1361 1121 1289 1690 1750 1167 1107 1637 1994 1254 1935 1279 1795 1064 1015 1819 1657 1719 1446 1504 1316 1606 1269 1847 1557 1874 1976 1949 1044 1967 1424 1435 1725 1026 1562 1365 1202 1302 1214 1735 1248 1262 1763 1995 1223 1866 1746 1730 1455 1641 1287 1896 1978 1962 1345 1963 1305 1819 1435 1875 1774 1307 1042 1990 1793 1515 1637 1570 1608 1807 1229 1548 1995 1602 1179 BCNSPRNW ULIB Ver.6.0+V

เปลี่ยนเป็นภาษาไทย

Change to English
 แสดงรายละเอียดบรรณานุกรม
  กลับหน้าหลัก

Brief Record : Get Marc (ISO 2709) : E-mail record : QR code < ปิดหน้าต่าง
LEADER : 00000nam 2200000uu 4500
001    13399128532
003     ULIB
008    230831s2560||||th 000 0 tha d
020    ^a9786163920164
060    ^aWS440^bS168น
100    ^aSally
245    ^aนิทานคลาสสิก 2 ภาษา (ไทย-อังกฤษ) สอนให้เด็กรักษาสัญญา และมีความเมตตากรุณา เจ้าชายกบ : The Frog Prince
250    ^aพิมพ์ครั้งที่ 1
260    ^aกรุงเทพฯ :^bโลกหนังสือ,^c2560
300    ^a10 หน้า;^c19 ซม.
650    ^aนิทานเด็ก
650    ^aเด็ก-พัฒนาการ
945    ^p50^l0^i010300
999    ^aประนอม เกษจรัล
รายการนี้ยังไม่มีแท็ก
คุณยังไม่ได้ล็อกอิน คุณสามารถมีกิจกรรมร่วมกับเว็บไซต์ได้ แต่ต้องล็อกอินก่อน ::
  ล็อกอิน

รายการสื่อสารสนเทศ

ลำดับที่ ประเภท เลขเรียก/บาร์โค้ด สถานที่ สถานะ
1. วิทยาศาสตร์การแพทย์ และสุขภาพ
วิทยาศาสตร์การแพทย์ และสุขภาพ
WS440 S168น ฉ.1 
  Barcode: 010300
ห้องสมุดวิทยาเขตสวรรค์ประชารักษ์
►หนังสือทั่วไป
บนชั้น

รายการใกล้เคียง
    ชื่อเรื่อง [นิทานคลาสสิก 2 ภาษา (ไทย-อังกฤษ) สอนให้เด็กรักษาสัญญา และมีความเมตตากรุณา เจ้าชายกบ : The Frog Prince]

    ผู้แต่ง [Sally]

    หัวเรื่อง [นิทานเด็ก]
    หัวเรื่อง [เด็ก-พัฒนาการ]

BibComment


ยังไม่เคยถูกคอมเมนท์

คอมเมนท์ทรัพยากรรายการนี้
  คอมเมนท์: นิทานคลาสสิก 2 ภ..


 Copyright 2026. Bcnsprnw @Library